[Event "Trapani Province-ch"]
[Site "Erice"]
[Date "2012.01.22"]
[Round "3"]
[White "Maggio, Baldassare"]
[Black "Marino, Martina"]
[Result "1-0"]
[WhiteElo "1612"]
[BlackElo "1179"]
[PlyCount "37"]
[EventDate "2012.01.15"]
[EventType "swiss"]
[EventRounds "6"]
[EventCountry "ITA"]
[SourceTitle "EXT 2024"]
[Source "ChessBase"]
[SourceDate "2023.10.10"]
[SourceVersion "1"]
[SourceVersionDate "2023.10.10"]
[SourceQuality "1"]

1. d4 d5 2. c4 e6 3. Bf4 Nc6 4. e3 Bd7 5. Nc3 Nf6 6. a3 Bd6 7. Bg5 h6 8. Bh4 0-0 9. cxd5 exd5 10. Nxd5 Bg4 11. Nxf6+ Kh8 12. Qxg4 g5 13. Bxg5 Rg8 14. Nxg8 Qxg8 15. Bf6+ Kh7 16. Bd3+ Qg6 17. Bxg6+ fxg6 18. Qd7+ Kg8 19. Qg7# 1-0

[Event "Trapani Province-ch"]
[Site "Erice"]
[Date "2012.01.15"]
[Round "2"]
[White "Piazza, Dario"]
[Black "Maggio, Baldassare"]
[Result "1-0"]
[WhiteElo "1817"]
[BlackElo "1612"]
[PlyCount "93"]
[EventDate "2012.01.15"]
[EventType "swiss"]
[EventRounds "6"]
[EventCountry "ITA"]
[SourceTitle "EXT 2024"]
[Source "ChessBase"]
[SourceDate "2023.10.10"]
[SourceVersion "1"]
[SourceVersionDate "2023.10.10"]
[SourceQuality "1"]

1. e4 e6 2. d4 d5 3. Nc3 c5 4. dxc5 d4 5. Nb5 Bxc5 6. Nf3 Nc6 7. Bf4 Bb6 8. Nd6+ Ke7 9. a3 e5 10. Nxc8+ Qxc8 11. Nxe5 Nf6 12. Bd3 Bc7 13. Nxc6+ bxc6 14. Bxc7 Qxc7 15. 0-0 Rhe8 16. e5 Nd5 17. Qh5 h6 18. Qh4+ Kf8 19. Qxd4 Qxe5 20. Qxe5 Rxe5 21. g3 c5 22. f4 Re7 23. Rfe1 Rae8 24. Rxe7 Rxe7 25. Kf2 Ne3 26. Kf3 c4 27. Be4 f5 28. Kxe3 Rxe4+ 29. Kd2 Ke7 30. b3 Kf6 31. bxc4 Rxc4 32. Kd3 Rc7 33. c4 Ke6 34. Re1+ Kd7 35. Kd4 Rb7 36. Re5 g6 37. Rb5 Rxb5 38. cxb5 Kd6 39. h4 h5 40. a4 Ke6 41. Kc5 Kd7 42. a5 Kc8 43. Kd6 Kd8 44. Ke6 Kc7 45. Kf6 Kd6 46. Kxg6 Kc5 47. b6 1-0